000 004150000a22001810004500
003 MACL
005 20160130113508.0
008 160130b xxu||||| |||| 00| 0 eng d
040 _aMACL
_cMACL
041 _aEnglish
082 _a823
100 _aChristie, Agatha
_930614
245 _aFive Little Pigs
260 _bHarper
_c2007
_aLondon
350 _a175
650 _aFiction
_935749
942 _cBK
_k823
_2ddc
999 _c45699
_d45699